00294nam a2200121Ia 4500008004100000041001200041082001100053100001600064245003800080260003900118300000800157650000700165221030s9999 xx 000 0 und d aEnglish a105.23 aG. W. Vinal 0aStorage Batteriescby G. W. Vinal bJohn Wiley & SonsaNew Yorkc1966 a446 aEE